01028nam a22002417a 4500999001700000003000900017008004100026040007100067082002200138100003200160245001800192260002500210300004000235440004900275505012400324650003200448650003600480650003300516942001200549945002000561952010200581952010300683  c14245d14245AR-CdUCM190422b           ||||| |||| 00| 0 spa d  aMUNICIPALIDAD PROVINCIAL DEL CUSCOcBIBLIOTECA MUNICIPAL DEL CUSCO  aC / 307.12 /bB23  aBarrenechea Lercari, Carlos  aEl gran sur /  aCusco :bCBC,c1990.  a84 páginas ;bimágenes.c21 cm.  aCuadernos para el debate regionaln21932947  aHistoria y configuración general -- El apartado productivo -- Articulación vial y ciudades -- La calidad de Vida...  aDesarrollo regional.922942  aDesarrollo urbanístico.94136  aMedios de transporte.932948  2ddccPP  awfjd2019-04-22  002ddc4070aSCAbSCAcCARTd2019-04-22g20.00oC / 307.12 / B23pSCA0003238r2019-04-22yLIBROS  002ddc4070aSCAbSCAcCARTd2019-04-22g20.00oC / 307.12 / B23 /e.2pSCA0003239r2019-04-22yPP